Welcher Weihnachtsfilm ist gesucht? - Statistiken

Allgemein
  • Dieses Quiz wurde 99 mal gespielt
  • Das Durchschnittsergebnis liegt bei 5 aus 7
Antwortstatistiken
Beschreibung Weihnachtsfilm % Korrekt
Ein Junge wird über Weihnachten Zuhause vergessen und muss deshalb Einbrechern Fallen stellen. Kevin allein zu Haus
100%
Das titelgebende Wesen versucht mit seinem Hund Weihnachten zu zerstören, weil er das Fest hasst. Der Grinch
95%
Ein kleiner Junge geht wieder einmal verloren. Diesmal gerät der Knirps bei den Reisevorbereitungen in das falsche Flugzeug und findet sich prompt in New York wieder, wo er sich mithilfe der Kreditkarten seines Vaters im Plaza Hotel einmietet. Alles wäre wunderbar, träfe der Junge nicht plötzlich auf die ausgebrochenen Gauner Marv und Harry, die noch ein Hühnchen mit ihm zu rupfen haben. Kevin allein in New York
95%
Die Königstochter Anna begibt sich auf die Suche nach ihrer älteren Schwester Elsa. Anna wird auf ihrer abenteuerlichen Reise von dem Bergsteigspezialisten und Naturburschen Kristoff sowie dem Rentier Sven unterstützt. Gemeinsam wollen sie Elsa finden, die dafür verantwortlich ist, dass das Königreich Arendelle nun im ewigen Eis gefangen ist. Die Eiskönigin
92%
Ein kleiner Junge, der nicht mehr richtig an Weihnachten glauben will, wacht eines Nachts auf und vor seinem Haus steht ein riesiger Zug. Er bekommt eine Karte und die abenteuerliche Fahrt zum Nordpol beginnt Polarexpress
76%
Ein strenge Direktor eines Fernsehsenders, als er dann eine bekannte Weihnachtsgeschichte nachstellen will, erscheinen ihm die selben Weihnachtsgeister. Die Geister die ich rief
22%
Der Geizkragen Ebenezer Scrooge lässt sich niemals erweichen auch nicht zum Fest der Liebe. Bis dem herzlosen Geschäftemacher in der Christnacht drei Geister erscheinen. Charles Dickens Weihnachtsgeschichte
8%
Keine übereinstimmenden Quizze gefunden
Verteilung der Resultate
Anzahl Personen mit jedem Resultat
Perzentil nach korrekt beantworteten Fragen
Ihre Resultats-Entwicklung
Sie haben dieses Quiz noch nicht gespielt